000 00362nam a2200145 i 4500
001 bg
100 1 _aMANOLIS, G. D.
245 0 _aBoundary element methods in elastdynamics /
_cG.D. Manolis, D.E. Beskos.
260 _aLondon,
_c1989.
700 1 _aBESKOS, D. E.
040 _cBPK
041 _apol
942 _cKS
008 s pl f |000 0 pol
999 _c29191
_d29191
856 _uhttp://koha.tu.koszalin.pl/cgi-bin/koha/opac-detail.pl?biblionumber=29191
_yKatalog online BPK